| 000 | 00669nam a22002297i 4500 | ||
|---|---|---|---|
| 999 |
_c23226 _d23226 |
||
| 003 | AR-CdUCM | ||
| 008 | 250225b20222022ii ||||| |||| 00| 0 spa d | ||
| 020 | _a978-9974-738-65-2 | ||
| 040 |
_aMUNICIPALIDAD PROVINCIAL DEL CUSCO _cBIBLIOTECA MUNICIPAL DEL CUSCO |
||
| 041 | _hspa | ||
| 082 |
_aPI / 590 / L28 _bL28 |
||
| 110 |
_aLatinbooks International S.A. _951056 |
||
| 245 | _aDe Visita a los Dinosaurios / | ||
| 300 |
_a12 páginas. : _c28x21 cm. |
||
| 505 | _aDinosaurios | ||
| 650 |
_aTriceratops _951057 |
||
| 650 |
_aStegosaurios _951058 |
||
| 650 |
_aPterodactilo _951059 |
||
| 650 |
_aPlasiosaurio _951060 |
||
| 942 |
_2ddc _cLIBROS |
||
| 945 |
_apbjr _d2022 |
||